[Event "Novgorod it (PCA SC2)"]
[Site "Novgorod RUS"]
[Date "1995.05.27"]
[Round "1"]
[White "Ivanchuk, Vasyl"]
[Black "Jussupow, Artur"]
[Result "1-0"]
[WhiteElo "2700"]
[BlackElo "2660"]
[EventDate "1995.05.25"]
[Annotator "Ftacnik"]
[PlyCount "75"]
[Source "ChessBase"]

1.e4 {Hecht Dolmatov Blatny,P} 1...e5 2.Nf3 Nf6 3.d4 Nxe4 4.Bd3 d5 5.Nxe5 
Nc6 6.Nxc6 bxc6 7.O-O ( 7.Qe2 {Dolmatov} 7...Qe7 8.O-O Nd6 9.Re1 Qxe2 10.
Rxe2+ Be6 $10 ) 7...Be7 8.c4 ( 8.Re1 O-O ( 8...Bf5 9.c4 O-O 10.f3 Bb4 ( 
10...Nd6 {Blatny,P} 11.c5 $1 Bxd3 12.Qxd3 ( 12.cxd6 Bh4 $8 13.g3 Bxb1 14.
Rxb1 Bf6 15.dxc7 Qxc7 16.Bf4 {/\Be5=} ) 12...Ne8 ( 12...Nb5 $4 13.a4 $18 )
( 12...Nc4 $2 13.b3 Na5 14.Qa6 Bxc5 $1 $8 15.dxc5 Qf6 16.Qxa5 Qxa1 17.Bf4 
$16 ) 13.Nc3 $14 ) 11.Re2 Re8 ( 11...Nd6 $2 {Blatny,P} 12.c5 Qf6 ( 12...
Bxd3 13.Qxd3 {/\a3,b4+-} ) 13.Be3 Bxd3 14.Qxd3 Nf5 15.a3 Nxe3 16.Rxe3 Bxc5
17.dxc5 Qxb2 18.Qc3 $18 {_|_} ) 12.fxe4 dxe4 13.Bc2 Bg4 14.Be3 Bd6 15.c5 (
15.Nc3 {Blatny,P} 15...Qh4 $132 16.g3 $140 $2 Bxg3 $40 ) 15...Bf4 16.Bxf4 
Bxe2 17.Qd2 ( 17.Qxe2 $2 {Blatny,P} 17...Qxd4+ 18.Be3 Qxb2 $19 ) 17...Bd3 
18.Be3 Bxc2 19.Qxc2 f5 20.Qf2 Rf8 21.Bf4 Rb8 22.Nc3 e3 23.Qxe3 Rxb2 24.Rd1
$16 {Dirr,U-Zaura,V/Munich op9192 (06)/1992/0-1 (52)} ) 9.Bxe4 dxe4 10.
Rxe4 Rb8 ( 10...c5 {Dolmatov} 11.d5 Bb7 12.c4 c6 13.Nc3 Bf6 $44 ) 11.Nd2 
f5 12.Re1 f4 13.c3 Kh8 14.b4 Rb5 15.Nf3 Rbf5 16.a3 a5 17.Re5 $6 Rxe5 18.
Nxe5 Bd6 $1 19.Nxc6 $2 Qe8 20.b5 $6 f3 $40 {
Schmid,L-Bhend,E/Venedig/1953/0-1 (26)} ) ( 8.Nc3 Nxc3 9.bxc3 O-O 10.c4 
Ba6 11.c5 Bxd3 12.Qxd3 Bf6 13.c3 Re8 14.Qa6 Re6 15.Rb1 Qe7 16.Bf4 Re8 17.
h3 Bg5 18.Bg3 Bd2 19.Qd3 Qg5 20.Rb7 Bf4 21.Bxf4 Qxf4 22.Rxa7 Re1 23.g3 Qc1
24.Rxc7 {Rauzer,V-Dubinin,P/URS-ch09 Leningrad/1934/1-0 (37)} ) 8...O-O 9.
Nc3 ( 9.c5 f5 ( 9...Bf6 $10 {Dolmatov Yusupov/} ) 10.f3 Ng5 11.Nc3 Bf6 12.
Be3 Rb8 13.Qc2 g6 14.a3 Ne6 15.Ne2 Qe7 16.Bf2 a5 17.b3 Bd7 18.Rab1 Rfe8 
19.Qc3 Qg7 20.Rfd1 Re7 21.b4 a4 22.b5 cxb5 23.c6 Be8 24.Rxb5 $14 {
Sveshnikov,E-Smyslov,V (4)/Tilburg4.07 (30')/1992/1-0 (78)} ) 9...Nxc3 ( 
9...f5 10.Qa4 {Blatny,P} 10...Nxc3 11.bxc3 Bd7 12.Qa5 $14 ) 10.bxc3 dxc4 (
10...Be6 11.Qc2 ( 11.c5 {Dolmatov} 11...a5 12.Qa4 Qd7 13.Rb1 $14 ) 11...h6
$13 ) ( 10...Ba6 $6 11.Qa4 $14 ) 11.Bxc4 Bf5 ( 11...Bd6 {Dolmatov} ) ( 
11...c5 $5 {Dolmatov} 12.Qf3 Rb8 13.Rd1 ( 13.d5 Bd6 $10 ) 13...Bb7 ) 12.
Bf4 Bd6 13.Bg3 Re8 ( 13...Qd7 {Dolmatov} 14.Qa4 c5 15.Qxd7 Bxd7 16.dxc5 
Bxc5 17.Rad1 $16 ) 14.Qa4 Be4 15.Rae1 h5 $2 ( 15...Qg5 $5 16.f3 ( 16.Rxe4 
$5 Rxe4 17.Qxc6 Rae8 18.Bxd6 cxd6 19.Qxd6 $44 ) 16...Bd5 17.f4 ( 17.Rxe8+ 
{Blatny,P} 17...Rxe8 18.Bxd5 Qxd5 19.Bxd6 cxd6 20.Qxa7 $14 ) 17...Qf5 18.
Rxe8+ Rxe8 19.Bxd5 Qxd5 20.Qxa7 c5 $132 ) ( 15...Bxg3 16.hxg3 a5 {Blatny,P
} 17.Re3 Bd5 18.Rfe1 Rxe3 19.Rxe3 $14 ) 16.f3 Bd5 ( 16...Bxg3 17.Bxf7+ $1 
( 17.fxe4 Bxe1 18.Bxf7+ Kh7 19.Qxc6 ) 17...Kxf7 18.fxe4+ Kg8 19.hxg3 $18 )
17.Rxe8+ $1 Qxe8 18.Re1 Qd8 19.Bxd5 cxd5 20.Qc6 Bxg3 ( 20...Rb8 21.Qxd5 
Bxg3 22.Qxd8+ Rxd8 23.hxg3 $16 ) 21.hxg3 {Hecht Q+R - Q+R schwarze 
P-Schwaechen eleganter Mattangriff bei eigenem luftigen K} 21...Rb8 ( 
21...Rc8 22.Re5 $16 ) ( 21...h4 22.gxh4 Rb8 23.g3 $16 ) 22.Re5 h4 23.Kh2 
$1 ( 23.Rxd5 Qe7 24.Re5 $2 ( 24.Kh2 {Blatny,P} 24...hxg3+ 25.Kxg3 Qe1+ 
$132 ) ( 24.gxh4 $4 Rb1+ 25.Kh2 Qxh4# ) 24...hxg3 $1 ) 23...hxg3+ 24.Kxg3 
Rb6 ( 24...Qd6 25.Qxd6 cxd6 26.Rxd5 Rb6 27.Ra5 $16 ) 25.Qxd5 ( 25.Re8+ Kh7
26.Rxd8 Rxc6 {Blatny,P} 27.Rxd5 Rxc3 28.Ra5 Rd3 29.Rxa7 Rxd4 30.Rxc7 Ra4 
31.Rc2 Kg6 $14 {_|_} ) 25...Qb8 ( 25...Qf6 26.Qa8+ Kh7 27.Rh5+ Kg6 28.Qh8 
Qd6+ 29.f4 $18 ) ( 25...Rg6+ {Blatny,P} 26.Kh2 ( 26.Kf2 {Dolmatov} 26...
Qh4+ 27.Kg1 $16 ) 26...Qh4+ 27.Kg1 Qh3 28.Re8+ Kh7 29.Re2 $18 {_|_} ) 26.
Qd7 Rg6+ 27.Kf4 $1 ( 27.Kh2 {Dolmatov} 27...Rh6+ 28.Kg3 Rg6+ 29.Kf4 ) 
27...Kh7 ( 27...c5 28.Qe8+ Qxe8 29.Rxe8+ Kh7 30.dxc5 $18 ) ( 27...c6 28.
Ke3 ) 28.Rh5+ Kg8 ( 28...Rh6 29.Rxh6+ Kxh6 30.Qxf7 $18 ) 29.Rb5 Rf6+ ( 
29...Rb6 30.Re5 $18 ) 30.Ke3 Qf8 ( 30...Re6+ 31.Qxe6 Qxb5 32.Qc8+ Kh7 33.
Qxc7 $18 ) ( 30...Rb6 {Hecht} 31.Re5 $18 ) 31.Qxc7 Qe8+ 32.Re5 Qa4 ( 32...
Re6 33.c4 $18 ( 33.Kf2 $18 {Blatny,P} ) ) 33.Qc8+ Kh7 34.Re8 Kg6 ( 34...
Qxa2 $2 35.Rh8+ Kg6 36.Qg4# ) 35.Qg4+ Kh7 36.Qh5+ Rh6 37.Qf5+ Rg6 38.Qxf7 
( 38.Qxf7 Rf6 39.Qg8+ Kh6 40.Re7 $18 ) 1-0

[Event "Novgorod it (PCA SC2)"]
[Site "Novgorod RUS"]
[Date "1995.05.28"]
[Round "2"]
[White "Vaganian, Rafael"]
[Black "Gulko, Boris"]
[Result "1/2-1/2"]
[WhiteElo "2640"]
[BlackElo "2595"]
[EventDate "1995.05.25"]
[Annotator "Ribli"]
[PlyCount "51"]
[Source "ChessBase"]

1.Nf3 c5 2.c4 Nc6 3.Nc3 Nd4 4.g3 Nxf3+ 5.exf3 Nf6 {Das ist offenbar eine 
Neuerung.} ( 5...b6 6.d4 cxd4 7.Qxd4 Bb7 8.Bg2 Nf6 9.O-O e6 10.Ne4 Nxe4 ( 
10...Rc8 $14 {Mikhalchishin,A-Mencinger,V/Bled op/1995/EXP46/} ) 11.fxe4 
$14 {Vaganian,R-Yudasin,L/Moscow olm/CBM45/} ) 6.d4 e6 7.Bg2 ( 7.d5 exd5 
8.cxd5 d6 9.Bg2 Be7 10.O-O O-O $13 ) 7...d5 $5 8.cxd5 Nxd5 ( 8...exd5 9.
O-O Be7 10.dxc5 Bxc5 11.Bg5 $14 ) 9.Nxd5 ( 9.O-O Nxc3 10.bxc3 cxd4 11.cxd4
Bd6 12.f4 O-O 13.Rb1 Rb8 $10 ) 9...Qxd5 ( 9...exd5 $6 10.O-O $14 ) 10.Be3 
cxd4 11.Qxd4 Qxd4 12.Bxd4 Bb4+ 13.Ke2 b6 $5 {Wenn dieser Zug geht, hat 
Schwarz die Eroeffnung zufriedenstellend geloest.} 14.f4 ( 14.Bxg7 Ba6+ 
15.Ke3 Bc5+ 16.Bd4 Bxd4+ 17.Kxd4 Rd8+ 18.Kc3 Rd3+ 19.Kc2 Ke7 20.Rad1 Rc8+ 
21.Kb1 Rcd8 22.Rxd3 Bxd3+ 23.Kc1 Bg6 $44 ) 14...Ba6+ 15.Ke3 Rd8 16.Rhd1 
O-O 17.a3 Bd6 18.b4 {Droht /\ Be5 mit kleinen Vorteil.} 18...f6 19.Rac1 
Kf7 20.Bc6 Ke7 21.Kf3 Bc8 22.Be3 e5 23.fxe5 Bxe5 24.Rxd8 Rxd8 25.a4 Be6 
26.Be4 {Ich denke, dass diese Partie nicht das letzte Wort von Weiss in 
dieser Variante ist.} 1/2-1/2

[Event "Novgorod it (PCA SC2)"]
[Site "Novgorod RUS"]
[Date "1995.05.30"]
[Round "4"]
[White "Vaganian, Rafael"]
[Black "Jussupow, Artur"]
[Result "1/2-1/2"]
[WhiteElo "2640"]
[BlackElo "2660"]
[EventDate "1995.05.25"]
[Annotator "Ribli"]
[PlyCount "40"]
[Source "ChessBase"]

1.Nf3 Nf6 2.c4 e6 3.g3 d5 4.Bg2 dxc4 5.Qa4+ Nbd7 6.Qxc4 c5 $1 {Diesmal wa 
ehlte der ex-Bayern Spieler (jetzt Empor Berlin) die sicherste 
Fortsetzung.} ( 6...a6 $6 7.Qc2 c5 8.Nc3 Ra7 9.O-O b6 ( 9...b5 $5 ) 10.d4 
Bb7 11.e4 $14 {Weiss hat Raumvorteil. Vaganian,R-Yusupov,A/Riga Tal/CBM47/
} ) 7.Qb3 Rb8 8.d3 Bd6 9.Nc3 a6 10.a4 b6 11.Nd2 ( 11.O-O Bb7 12.Rd1 O-O 
13.d4 Qe7 14.Bg5 h6 15.Bxf6 Nxf6 $10 {Kortschnoj,V-Cifuentes 
Parada,R/Polanica Zdroj/1992/CBM31/INF55,(10)/} ) 11...Bb7 12.Bxb7 Rxb7 
13.Nc4 ( 13.O-O O-O 14.Nc4 Bb8 ( 14...Bc7 $2 15.Na5 $18 ) 15.Rd1 Qc8 16.
Bg5 Qc6 $10 {Sher,M-Maric,A/Hastings/9495/CBM45/} ) 13...Bc7 14.O-O {
Schwarz soll jetzt vorsichtig sein.} ( 14.Na5 $2 Ra7 $1 15.Nc6 $4 Qa8 $19 
) 14...Qb8 ( 14...O-O $2 15.Na5 $1 $18 ) 15.Bg5 Ng4 16.f3 Nge5 17.Nxe5 
Bxe5 18.Be3 {Der Armenier haette hier mit 18.Kg2 weiter spielen koennen, 
aber Schwarz steht nach 18...0-0 nicht schlechter.} 18...Bxg3 19.hxg3 
Qxg3+ 20.Kh1 Qh3+ {Der Nachziehende hat ohne grosse Muehe das Spiel 
ausgeglichen, Weiss soll irgendwo diese Variante verbessern.} 1/2-1/2

[Event "Novgorod it (PCA SC2)"]
[Site "Novgorod RUS"]
[Date "1995.06.02"]
[Round "6"]
[White "Ehlvest, Jaan"]
[Black "Jussupow, Artur"]
[Result "1/2-1/2"]
[WhiteElo "2615"]
[BlackElo "2660"]
[EventDate "1995.05.25"]
[Annotator "Horn,Pe"]
[PlyCount "69"]
[Source "ChessBase"]

1.e4 {King Dolmatov} 1...e6 2.Qe2 c5 3.Nf3 Nc6 4.g3 g6 5.Bg2 Bg7 6.O-O 
Nge7 7.c3 d5 8.d3 h6 ( 8...O-O $2 {Dolmatov} 9.e5 $14 ) 9.Na3 $5 {I could 
fi nd only few examples of Na3 within this structure. Mostly black hadn't 
played h6.} ( 9.Nbd2 b6 10.Re1 a5 11.exd5 exd5 12.d4 O-O 13.dxc5 bxc5 14.
Nb3 c4 15.Nbd4 Bg4 16.Qc2 $16 {Strikovic,A-Ulibin,M/Oviedo 25' /1993} ) ( 
9.h4 d4 ( 9...b6 10.e5 Qc7 11.Re1 Ba6 12.a4 Rd8 13.Na3 O-O 14.Nb5 Qd7 15.
Bf4 Nf5 16.Bh3 Bb7 17.Bxf5 exf5 18.e6 $16 {
Maljutin,E-Magerramov,E/Moscow/1991} ) 10.e5 Nf5 11.Nbd2 dxc3 12.bxc3 O-O 
13.Nb3 b6 14.d4 Bb7 15.dxc5 Qc7 16.Bf4 Rac8 17.Rac1 Nce7 18.cxb6 axb6 19.
c4 Rfd8 20.Rfd1 Rxd1+ 21.Rxd1 Qxc4 22.Qxc4 Rxc4 23.Rd8+ {1/2-1/2 
Romanishin,O-Vogt,L/Bad Lauterberg /1991} ) 9...b6 ( 9...O-O 10.e5 $1 g5 (
10...b6 ) 11.h3 Bd7 12.Nc2 Ng6 13.Be3 b6 14.d4 cxd4 15.cxd4 Kh7 $6 16.Bd2 
f5 17.exf6 Qxf6 18.Bc3 Rf7 19.Ne3 $1 h5 $2 20.Nh2 $16 {
Karlsson,L-McCambridge,V/Dortmund 1982} ) ( 9...e5 $5 {Dolmatov} 10.exd5 
Nxd5 11.d4 cxd4 12.cxd4 ) 10.h4 Ba6 {/\ dxe4} ( 10...Qc7 $2 11.Bf4 ) ( 
10...e5 $6 {Dolmatov} 11.exd5 Nxd5 12.Nc4 O-O ) ( 10...d4 $5 {Dolmatov} 
11.cxd4 cxd4 ) ( 10...a5 $6 {Dolmatov} 11.Nb5 a4 ( 11...Ba6 12.a4 d4 13.e5
) 12.Bf4 ) ( 10...Bb7 {Dolmatov} ) 11.e5 {Na3 instead of the normal Nd2 
seems to cooperate well with the Pe5.} 11...Qc7 ( 11...O-O $5 {should be 
considered, as Na3 needs some time to support the attack on the other 
wing.} ) 12.Re1 O-O-O $2 ( 12...g5 $2 13.hxg5 hxg5 14.Bxg5 Ng6 15.c4 $16 (
15.Bf6 $16 ) ) ( 12...O-O ) 13.Rb1 $1 $16 {King In view of the threat of 
b4, breaking opening Black s king position, Yusupov decides to get the 
first punch in - at a cost of a pawn. A good decision: the initiative is 
everything in these positions.} 13...g5 $5 ( 13...d4 14.c4 $16 ) ( 13...
Kb8 {Dolmatov} 14.b4 cxb4 15.cxb4 Bb7 16.Nb5 $16 ) 14.hxg5 Ng6 15.gxh6 
Bxe5 ( 15...Bxh6 $2 16.Bxh6 Rxh6 17.b4 $16 ) 16.Nxe5 Ncxe5 ( 16...Ngxe5 $2
{Dolmatov} 17.Bf4 $16 ) 17.c4 Nc6 ( 17...dxc4 18.dxc4 Nd3 19.Rd1 Nxc1 20.
Rbxc1 Rxh6 21.Rxd8+ Qxd8 22.Rd1 $16 ) 18.Nc2 ( 18.Bg5 Nd4 19.Qh5 Bb7 20.
Bxd8 Qxd8 ) ( 18.cxd5 exd5 19.Bg5 ) 18...dxc4 ( 18...Bb7 {Dolmatov} 19.Bg5
$16 ) 19.dxc4 Bb7 {/\ Nce5} ( 19...Nd4 {Dolmatov} 20.Nxd4 Rxd4 21.Be3 Rxc4
22.b3 $18 ) 20.Bg5 ( 20.b4 $5 {Dolmatov} 20...cxb4 21.Bg5 Rdg8 22.Nxb4 Nd4
) 20...Rdg8 21.Qh5 ( 21.Rbd1 $5 Nce5 22.Bf6 Bxg2 23.Bxh8 Nf3+ 24.Kxg2 
Nxe1+ ( 24...Qb7 25.Qe4 Nxe1+ 26.Rxe1 Qxe4+ 27.Rxe4 Rxh8 ) 25.Qxe1 Qc6+ 
26.Kg1 Rxh8 27.Qe3 f5 28.Qg5 $16 ) ( 21.b4 $6 {Dolmatov} 21...Nce5 $2 22.
bxc5 $16 ) ( 21.f4 $16 {Dolmatov} ) 21...Nce5 22.Qh1 $1 ( 22.Bf6 $2 Bxg2 
23.Bxe5 ( 23.Rxe5 Nxe5 24.Bxe5 Rxh6 $1 25.Qxh6 ( 25.Bxc7 Rxh5 26.Kxg2 Kxc7
) 25...Qxe5 $17 ) 23...Nxe5 24.Qxe5 Bb7 25.Qxc7+ Kxc7 26.b4 Rxh6 $17 ) 
22...Ng4 ( 22...Nxc4 23.h7 ( 23.Bxb7+ {Dolmatov} 23...Qxb7 24.Qxb7+ Kxb7 
25.Kg2 $14 ) 23...Rg7 24.Bf6 Rgxh7 25.Bxb7+ Qxb7 26.Qxb7+ Kxb7 27.Bxh8 
Rxh8 28.Red1 $18 ) 23.Ne3 ( 23.Rbd1 f6 ) ( 23.Bxb7+ {Dolmatov} 23...Qxb7 
24.Qxb7+ Kxb7 25.Kg2 N6e5 $1 $132 ( 25...Nxh6 $2 26.Bf6 Rh7 27.Rh1 Nf4+ 
28.Kf3 Rg6 29.Bc3 $16 ) ) 23...Nxh6 ( 23...Bxg2 {Dolmatov} 24.Qxg2 Nxh6 
25.b4 ) 24.Bxh6 Bxg2 25.Nxg2 Qc6 26.g4 $2 {I think, this move could have 
waited a little bit.} ( 26.b4 $5 cxb4 ( 26...Rh7 27.bxc5 Rgh8 ( 27...bxc5 
$2 28.g4 Nf4 29.Rb8+ $1 $18 ) 28.cxb6 axb6 29.Ne3 Qxh1+ 30.Kxh1 Rxh6+ 31.
Kg2 $16 ) 27.c5 ( 27.Rxb4 $2 Rh7 28.Rb5 f5 29.g4 Nf4 $19 ) ( 27.Qh3 Rh7 
28.g4 Ne7 29.Rb3 Rg6 30.g5 Nf5 31.Qf3 Qxf3 32.Rxf3 Nxh6 33.gxh6 Rgxh6 34.
Kf1 ) 27...bxc5 28.Qh5 f6 ( 28...Rh7 29.Rec1 f5 30.Nh4 Ne5 $13 ) 29.a3 $13
) ( 26.Qh3 $1 Rh7 ( 26...Ne7 27.Re5 $18 ) 27.g4 Ne7 28.f4 Nf5 ( 28...Rgh8 
29.g5 Nf5 30.Qa3 Nxh6 31.gxh6 Rxh6 32.Rbd1 ) 29.g5 Nxh6 ( 29...Rxh6 30.
gxh6 $18 ) ( 29...Rhh8 30.Re2 $18 ) 30.Kf2 $5 {preparing Qf3} ( 30.gxh6 $2
Rxh6 $1 ) 30...Rhh8 31.gxh6 Rxh6 32.Qf3 $18 ) ( 26.Qh5 {Dolmatov} 26...Rh7
27.g4 Ne7 $132 ) 26...Nf4 $1 ( 26...Ne7 $5 {Dolmatov} 27.g5 Nf5 $40 ) 27.
Bxf4 ( 27.g5 $2 Rxh6 $1 $19 ) ( 27.Nxf4 $2 {Dolmatov} 27...Rxg4+ 28.Ng2 
Rxh6 $19 ) 27...Rxh1+ 28.Kxh1 Qf3 $1 ( 28...Rxg4 29.Bg3 Rxc4 30.Kg1 ) 29.
Bg3 $8 ( 29.Be3 $4 Rxg4 $19 ) 29...Rh8+ 30.Kg1 Qxg4 31.Re3 $1 ( 31.Nf4 $2 
Qf3 32.Ng2 Qh5 33.Bh4 Qg4 $17 ) 31...Qh3 {forcing the draw} ( 31...Qxc4 $6
32.Rbe1 Qd5 ( 32...Qxa2 $6 33.Ra3 Qxb2 34.Rxa7 $40 ) 33.b3 a6 34.Be5 Rg8 
35.f3 {and the white pieces cooperate} ) 32.Bh4 Qg4 33.Bg3 Qh3 34.Bh4 Qg4 
35.Bg3 1/2-1/2